The fourier integral and its applications (Record no. 63276)

MARC details
000 -LEADER
fixed length control field 00735nam a2200169 a 4500
008 - FIXED-LENGTH DATA ELEMENTS--GENERAL INFORMATION
fixed length control field 120416s1962 ||||||||||||||||| || u
050 ## - LIBRARY OF CONGRESS CALL NUMBER
Classification number QA 404 Pap
100 ## - MAIN ENTRY--PERSONAL NAME
Personal name Papoulis, Athanasios
245 14 - TITLE STATEMENT
Title The fourier integral and its applications
260 ## - PUBLICATION, DISTRIBUTION, ETC.
Place of publication, distribution, etc. New York
Name of publisher, distributor, etc. McGraw-Hill
Date of publication, distribution, etc. 1962
300 ## - PHYSICAL DESCRIPTION
Extent ix, 318p. : ill.
350 ## -
-- 0.00
650 #0 - SUBJECT ADDED ENTRY--TOPICAL TERM
Topical term or geographic name entry element MATHEMATICS--HANDBOOKS, MANUALS, ETC
650 ## - SUBJECT ADDED ENTRY--TOPICAL TERM
Topical term or geographic name entry element FOURIER SERIES
995 ## -
-- MAIN LIBRARY OPEN ACCESS
-- 0.00
-- 717750
-- CBU-MAIN LIBRARY (Kitwe)
-- 2
-- 18.33
-- QA 404 Pap
-- 1
-- AVAILABLE
-- 012656
-- Main Library Open Access Collection
995 ## -
-- ANNEX COLLECTION (Main Library)
-- 0.00
-- 717751
-- CBU-MAIN LIBRARY (Kitwe)
-- 1
-- 18.33
-- QA 404 Pap
-- 2
-- AVAILABLE
-- 012657
-- Annex Low-Usage Collection
999 ## -
-- 63276
-- 63276
Holdings
Withdrawn status Lost status Source of classification or shelving scheme Damaged status Not for loan Permanent Location Current Location Shelving location Date acquired Total Checkouts Full call number Barcode Date last seen Price effective from Koha item type
          CBU-MAIN LIBRARY, KITWE. CBU-MAIN LIBRARY, KITWE.   12/24/2022   QA 404 Pap 012656 12/24/2022 12/24/2022 MONOGRAPH
          CBU-MAIN LIBRARY, KITWE. CBU-MAIN LIBRARY, KITWE.   12/24/2022   QA 404 Pap 012657 12/24/2022 12/24/2022 MONOGRAPH